| 000 | 00864nam a22002297a 4500 | ||
|---|---|---|---|
| 005 | 20150915115335.0 | ||
| 010 | _aENG-113894 | ||
| 020 |
_a9788178243641 _c350.00 |
||
| 035 | _aEN-97426 | ||
| 037 | _bDBAD/PUB | ||
| 100 | _a Śivaśaṅkara Śarma, Rāṇi | ||
| 245 |
_aThe last Brahmin : _cby Rani Siva Sankara Sarma ; translated from the Telugu by D.Venkat Rao _blife and refelections of a modern -day Sanskrit pandit / |
||
| 260 |
_aRanikhet _bPermanent Black _c2012 |
||
| 270 |
_aHimalayana, Mall Road, Ranikhet Cantt, _bRanikhet _e263645 |
||
| 300 |
_a197p. _c22cm(pbk) |
||
| 500 | _a Includes bibliographical references (p. [196]-197). | ||
| 600 | _aŚivaśaṅkara Śarma, Rāṇi. | ||
| 650 |
_aSanskritists _zIndia _zAndhra Pradesh |
||
| 650 |
_aTeachers _zIndia _zAndhra Pradesh _vBiography. |
||
| 700 | _aVenkat Rao, D. | ||
| 942 |
_2ddc _cEN _mSIV |
||
| 999 |
_c96468 _d96468 |
||